000 00806nam a2200241 a 4500
003 MX-MxUPN
005 20241001063841.0
008 991125s1957 mx fr 000 0 spa d
035 _aUPN01000001660
040 _aMX-MxUPN
_bspa
_cMX-MxUPN
041 _aspa
050 4 _aLC155 M6
_bI8.3
100 1 _aIsais Reyes, Jesús María,
_dn. 1901
_928921
245 1 0 _aAlgunas ideas sobre alfabetización
260 _aPátzcuaro, Michoacan :
_bCentro Regional de Educación Fundamental para la América Latina
_c1957.
300 _a124 páginas
650 4 _aAlfabetización (Educación)
_91831
650 0 _aEducación fundamental
_913329
710 2 _aInstituto Nacional de Pedagogía (México)
_epropietario anterior
_928088
902 _bMaríaRobles/280824
905 _aLibro
942 _2lcc
_cLIBRO
_n0
999 _c1660
_d1660